La heráldica monetal del "Comes burgundie" en el escudo del "Rex hispaniarum" / (Record no. 100779)

MARC details
000 -LEADER
campo de control de longitud fija 00680nam a2200181 i 4500
001 - NÚMERO DE CONTROL
campo de control 100779
003 - IDENTIFICADOR DE NÚMERO DE CONTROL
campo de control ES-MaACL
005 - FECHA Y HORA DE LA ÚLTIMA TRANSACCIÓN
campo de control 20230906182742.0
007 - CAMPO FIJO DE DESCRIPCIÓN FÍSICA--INFORMACIÓN GENERAL
campo de control de longitud fija t|
008 - DATOS DE LONGITUD FIJA--INFORMACIÓN GENERAL
campo de control de longitud fija 051005s1980 sp ||||1| cat d
100 1# - ENTRADA PRINCIPAL--NOMBRE DE PERSONA
Nombre de persona Mateu y Llopis, Felipe.
9 (RLIN) 79009
245 13 - MENCIÓN DEL TÍTULO
Título La heráldica monetal del "Comes burgundie" en el escudo del "Rex hispaniarum" /
Mención de responsabilidad, etc. Felipe Mateu y Llopis.
260 ## - PUBLICACIÓN, DISTRIBUCIÓN, ETC.
Lugar de publicación, distribución, etc. Barcelona :
Nombre del editor, distribuidor, etc. Societat Catalana d'Estudis Numismáatics,
Fecha de publicación, distribución, etc. 1980.
300 ## - DESCRIPCIÓN FÍSICA
Extensión 4 h. ;
Dimensiones 29 cm.
500 ## - NOTA GENERAL
Nota general Es tirada aparte del II Simposi Numismáatic de Barcelona.- Pág.- 63-69.
710 2# - ENTRADA AGREGADA--NOMBRE DE ENTIDAD CORPORATIVA
Nombre de entidad corporativa o nombre de jurisdicción como elemento de entrada Societat Catalana d'Estudis Numismáatics.
9 (RLIN) 134922
852 ## - LOCALIZACIÓN
Ubicación ES-MaACL
Número de control de estantería 2118-F-29
Sublocalización o colección R.101886
Holdings
Estatus retirado Estado de pérdida Estado de daño No para préstamo Colección Biblioteca de origen Biblioteca actual Ubicación en estantería Fecha de adquisición Fuente de adquisición Total de préstamos Signatura topográfica completa Código de barras Visto por última vez Precio de reemplazo Tipo de ítem Koha
        Colección de folletos Biblioteca del Ateneo de Madrid Biblioteca del Ateneo de Madrid Depósito folletos 17/01/2008     2118-F-29 1105217 23/02/2023 23/02/2023 Folleto